[Event "CZE-ch Open 2019"]
[Site "Ostrava"]
[Date "2019.05.03"]
[Round "7.1"]
[White "Kislinsky, Alexey"]
[Black "Cernousek, Lukas"]
[Result "0-1"]
[WhiteElo "2429"]
[BlackElo "2438"]
[Annotator "RC"]
[PlyCount "60"]
[EventDate "2019.04.27"]
[EventType "swiss"]
[EventCountry "CZE"]
[SourceTitle "playchess.com"]
[Source "ChessBase"]
[SourceQuality "1"]
[TimeControl "40/5400+30:1800+30"]

1. e4 {[%emt 0:07:24]} e5 {[%emt 0:00:00]} 2. f4 {[%emt 0:00:32]} exf4 {[%emt 0:00:05]} 3. Nf3 {[%emt 0:03:40]} g5 {[%emt 0:00:08]} 4. h4 {[%emt 0:00:51]} g4 {[%emt 0:00:09]} 5. Ne5 {[%emt 0:00:05]} Nf6 {[%emt 0:00:10]} 6. Nxg4 {[%emt 0:01:19]} Nxe4 {[%emt 0:00:31]} 7. d3 {[%emt 0:03:56]} Ng3 {[%emt 0:00:15]} 8. Bxf4 {[%emt 0:01:32]} Nxh1 {[%emt 0:00:13]} 9. Qe2+ {[%emt 0:00:19]} Qe7 {[%emt 0:00:16]} 10. Nf6+ {[%emt 0:00:06]} Kd8 {[%emt 0:00:10]} 11. Bxc7+ {[%emt 0:00:05]} Kxc7 {[%emt 0:00:11]} 12. Nd5+ {[%emt 0:00:04]} Kd8 {[%emt 0:00:29]} 13. Nxe7 {[%emt 0:00:05]} Bxe7 {[%emt 0:00:18]} 14. Qg4 {[%emt 0:04:36]} d6 {[%emt 0:24:10]} 15. Qf4 {[%emt 0:02:52]} Rg8 {[%emt 0:07:56]} 16. Qxf7 {[%emt 0:03:08]} Re8 {[%emt 0:03:44]} 17. Na3 {[%emt 0:08:02]} Bxh4+ {[%emt 0:00:10]} 18. Kd2 {[%emt 0:00:06]} Bg5+ {[%emt 0:19:57]} 19. Kc3 {[%emt 0:00:44]} Bd7 {[%emt 0:00:15]} 20. Nc4 {[%emt 0:20:28]} Kc7 {[%emt 0:00:23]} 21. Qd5 {[%emt 0:00:48]} Bf4 {[%emt 0:00:53]} 22. Qa5+ {[%emt 0:03:26]} b6 {[%emt 0:08:14]} 23. Qh5 {[%emt 0:05:40]} b5 {[%emt 0:16:50]} 24. Na5 {[%emt 0:02:11]} b4+ {[%emt 0:07:59]} 25. Kb3 {[%emt 0:02:15]} Na6 {[%emt 0:04:10]} 26. Qxh1 {[%emt 0:06:27]} Nc5+ {[%emt 0:02:43]} 27. Kxb4 {[%emt 0:10:35]} Rab8+ {[%emt 0:00:03]} 28. Kc4 {[%emt 0:01:40]} d5+ {[%emt 0:02:52]} 29. Kc3 {[%emt 0:08:54]} Na4+ {[%emt 0:00:39]} 30. Kd4 {[%emt 0:00:35]} Be3+ {[%emt 0:00:34]} 0-1

[Event "CZE-ch Open 2019"]
[Site "Ostrava"]
[Date "2019.05.03"]
[Round "7.2"]
[White "Kociscak, Jiri"]
[Black "Navara, David"]
[Result "0-1"]
[WhiteElo "2496"]
[BlackElo "2733"]
[Annotator "TA"]
[PlyCount "68"]
[EventDate "2019.04.27"]
[EventType "swiss"]
[EventCountry "CZE"]
[SourceTitle "playchess.com"]
[Source "ChessBase"]
[SourceQuality "1"]

{[%evp 20,68,14,2,15,4,17,22,0,11,4,0,0,-31,0,-64,-38,-50,-60,-53,-43,-58,0,-2,0,0,0,0,0,-12,-52,-75,-64,-109,-14,-362,-388,-419,-416,-414,-393,-476,-452,-483,-718,-716,-701,-660,-624,-1700,-1283]} 1. d4 Nf6 2. c4 e6 3. g3 c5 4. d5 exd5 5. cxd5 d6 6. Nf3 g6 7. Nc3 Bg7 8. Bg2 O-O 9. O-O Re8 10. Nd2 Nbd7 11. a4 b6 {A62: Modern Benoni: Fianchetto Variation without early ...Nbd7} (11... a6 12. a5 b5 13. axb6 Nxb6 14. Nb3 Bf5 15. Na5 Ne4 16. Bd2 Nxd2 17. Qxd2 h5 18. e3 h4 19. Rfe1 Qg5 20. Na4 Reb8 21. Nc3 Qh5 22. f3 {1-0 (41) Topalov,V (2771)-Karjakin,S (2786) Zug 2013}) 12. Re1 a6 13. h3 Rb8 {The position is equal.} 14. Nc4 Ne5 15. Nxe5 Rxe5 16. e4 Re8 17. f4 (17. Qe2 $11) 17... Nd7 18. Qd3 $146 ({Predecessor:} 18. Kh2 Nf8 19. Qd3 Ra8 20. Bd2 {1-0 (43) Barus,C (2295)-Khan,M (2350) Singapore 1987}) 18... b5 19. axb5 axb5 20. Be3 c4 (20... b4 $15 21. Nd1 Nb6) 21. Qc2 $11 b4 22. Ne2 Qc7 23. Nd4 b3 $36 {[%mdl 2048] White is under pressure.} 24. Qc3 Nb6 25. e5 {Hoping for Nc6.} dxe5 {And now ...Na4! would win.} 26. fxe5 {d6 is the strong threat.} Bxh3 ({Not} 26... Bxe5 27. Bf4 $1 $16 {[%mdl 512]}) (26... Bd7 $1 $17 27. Bf4 Na4 {[%mdl 64] Decoy}) 27. Bxh3 $4 {[%mdl 8192]} (27. Nc6 $1 $11 {and White has nothing to worry.} Bxg2 28. Bxb6 Rxb6 29. Ra7) 27... Nxd5 $19 28. Qa5 {[#]} Qxa5 $1 29. Rxa5 Rxe5 30. Nc6 Rxe3 {Black is clearly winning.} 31. Rxe3 Nxe3 32. Nxb8 Bxb2 {Strongly threatening ...c3.} 33. Nc6 Bf6 34. Kf2 b2 {Accuracy: White = 35%, Black = 47%.} 0-1

[Event "CZE-ch Open 2019"]
[Site "Ostrava"]
[Date "2019.05.03"]
[Round "7.3"]
[White "Babula, Vlastimil"]
[Black "Hracek, Zbynek"]
[Result "1/2-1/2"]
[WhiteElo "2549"]
[BlackElo "2585"]
[Annotator "TA"]
[PlyCount "56"]
[EventDate "2019.04.27"]
[EventType "swiss"]
[EventCountry "CZE"]
[SourceTitle "playchess.com"]
[Source "ChessBase"]
[SourceQuality "1"]

{[%evp 12,56,6,0,0,0,0,0,0,-4,20,28,29,0,26,20,41,14,15,22,36,24,19,0,0,0,0,0,0,0,0,0,0,0,0,0,0,0,0,0,0,0,0,0,0,0,0]} 1. d4 Nf6 2. c4 e6 3. Nc3 Bb4 4. e3 O-O 5. Nge2 d5 6. a3 Bd6 7. Ng3 c6 {E46: Nimzo-Indian: Rubinstein: 4 e3 0-0 5 Ne2 without early Bd3} 8. Be2 e5 (8... Nbd7 9. O-O dxc4 10. Bxc4 e5 11. Ba2 Nb6 12. dxe5 Bxe5 13. Qc2 Qe7 14. e4 Be6 15. Bxe6 Qxe6 {½-½ (51) Lopez Martinez,J (2584)-Meier,G (2648) Batumi 2018}) 9. O-O dxc4 10. Bxc4 exd4 11. exd4 Nbd7 12. Ba2 Nb6 13. Bg5 h6 $146 ({Predecessor:} 13... Be7 14. Re1 h6 15. Bf4 {1-0 (32) Kayonde,A (2394)-Fawzy,A (2438) Livingstone 2018}) 14. Bxf6 $1 Qxf6 15. Nge4 Qe7 16. Nxd6 Qxd6 17. d5 {The position is equal.} (17. Ne4 {is more complex.} Qg6 18. Nc5 Nd5 19. Re1 Bf5 20. Nxb7 Rab8 21. Bxd5 cxd5 22. Nc5) 17... cxd5 18. Nxd5 Nxd5 19. Bxd5 Be6 20. Bxe6 Qxe6 21. Re1 Qb6 22. Qe2 Rad8 23. h3 Rd6 24. Rad1 Re6 25. Qc2 Rfe8 26. Rxe6 Qxe6 27. Rd3 Qe1+ 28. Kh2 Qe5+ {Accuracy: White = 59%, Black = 89%.} 1/2-1/2

[Event "CZE-ch Open 2019"]
[Site "Ostrava"]
[Date "2019.05.03"]
[Round "7.4"]
[White "Mikes, Jan"]
[Black "Kraus, Tomas"]
[Result "0-1"]
[WhiteElo "2394"]
[BlackElo "2456"]
[Annotator "TA"]
[PlyCount "44"]
[EventDate "2019.04.27"]
[EventType "swiss"]
[EventCountry "CZE"]
[SourceTitle "playchess.com"]
[Source "ChessBase"]
[SourceQuality "1"]

{[%evp 9,56,13,19,8,3,9,19,20,20,0,-7,-38,-39,-52,-57,-57,-58,-62,-41,-40,-22,-52,-40,-62,-46,-97,-88,-119,-109,-105,-105,-256,-241,-236,-225,-222,-187,-204,-167,-291,-282,-543,-535,-554,-551,-532,-533,-1174,-1160]} 1. e4 c5 2. Nf3 Nc6 3. Nc3 Nf6 4. Bb5 e5 5. O-O (5. Bxc6 dxc6 6. Nxe5 Nxe4 7. Nxe4 Qd4 8. Qe2 Qxe5 9. f4 Qe7 10. f5 Bd7 11. O-O O-O-O 12. d3 c4 13. Be3 Qe5 14. Qf2 cxd3 15. cxd3 Be8 16. Bxa7 Rxd3 {1-0 (26) Anand,V (2771)-Delgado Ramirez,N (2619) Batumi 2018}) 5... d6 6. h3 {B30: Sicilian: 2...Nc6 3 Bb5, lines without ...g6} Be7 7. d3 O-O 8. a4 {The position is equal.} h6 9. Bxc6 $146 ({Predecessor:} 9. Ne2 Be6 10. Ng3 Re8 11. Re1 Bf8 12. Bc4 d5 {0-1 (36) Gazel Pereira,F (2275)-Granda Zuniga,J (2657) Florianopolis 2018}) 9... bxc6 10. a5 Ne8 11. Ne2 f5 12. exf5 Bxf5 13. Ng3 Bg6 14. Ra4 Kh7 15. Qe2 Rb8 16. Re1 Nc7 17. h4 ({Better is} 17. b3 $15) 17... Kh8 $17 18. Rg4 Bh7 19. Nh5 Rf7 20. d4 $2 (20. b3 $17) 20... cxd4 $19 21. Qc4 Nd5 {Hoping for ...Qd7.} 22. Qxc6 Qxa5 {Played: Nd5-b4} 0-1

[Event "CZE-ch Open 2019"]
[Site "Ostrava"]
[Date "2019.05.03"]
[Round "7.5"]
[White "Michalik, Peter"]
[Black "Plat, Vojtech"]
[Result "1/2-1/2"]
[WhiteElo "2577"]
[BlackElo "2535"]
[Annotator "TA"]
[PlyCount "84"]
[EventDate "2019.04.27"]
[EventType "swiss"]
[EventCountry "CZE"]
[SourceTitle "playchess.com"]
[Source "ChessBase"]
[SourceQuality "1"]

{[%evp 10,84,66,45,53,13,19,16,26,8,17,8,16,0,0,0,42,0,0,0,0,0,1,2,51,-25,-20,-29,-20,-20,-22,-18,-21,-23,-24,-61,-71,-64,-51,-51,-51,-51,-37,-47,-52,-43,-42,-42,-32,-68,-46,-86,0,-26,-24,-27,283,285,239,0,0,0,0,0,0,-87,-83,-87,-86,-85,0,0,0,0,0,0,0]} 1. e4 Nf6 2. e5 Nd5 3. Nf3 d6 4. d4 Nb6 5. a4 a5 6. Nc3 g6 {B04: Alekhine's Defence: 4 Nf3} (6... Bg4 7. h3 Bh5 8. g4 Bg6 9. e6 fxe6 10. Ng5 Qd7 11. Qe2 Nc6 12. Nxe6 Nb4 13. Nb5 Rc8 14. Na3 {1-0 (28) Zvjaginsev,V (2660)-Panarin,M (2558) St Petersburg 2015}) 7. Bb5+ c6 8. Be2 dxe5 9. Nxe5 Bg7 10. O-O O-O 11. Bf4 Bf5 12. Re1 Na6 13. Bf3 f6 $146 ({Predecessor:} 13... Nb4 14. Be4 Be6 {½-½ (39) D'Angelo,A (2255)-Laketic,G (2390) Italy 1995}) 14. Nd3 $1 Re8 15. g4 Bxd3 16. Qxd3 Nb4 17. Qe4 (17. Qe2 $1 $14) 17... e6 $36 {[%mdl 2048] Black is pushing.} 18. Rad1 Qd7 19. Qe2 N4d5 20. Bd2 Nxc3 21. bxc3 Nxa4 22. Ra1 Nb6 23. Reb1 Qc7 24. c4 Nd7 25. c5 f5 26. gxf5 gxf5 27. Qc4 Kh8 28. Kh1 Nf6 29. Rg1 Ne4 30. Be3 e5 (30... Qf7 $17) 31. dxe5 (31. Bxe4 $5 fxe4 32. Rg4 $11) 31... Bxe5 32. Bxe4 Bxa1 $4 {[%mdl 8192] [#]} (32... fxe4 $11 {and Black is okay.} 33. Ra4 Bf6) 33. c3 $1 $18 {Bd4+ would kill now.} Rad8 ({And not} 33... fxe4 34. Bd4+ Re5 35. Qe6 Qg7 36. Qxe5 Rg8 37. Rxg7 h6 38. Rxg8+ Kxg8 39. Qg7#) 34. Bxf5 $2 (34. Bg2 $18 {aiming for Bd4+.} Rxe3 35. fxe3) 34... Qe5 $1 $11 {[%mdl 64] Double Attack} 35. Rxa1 {Black must now prevent Bd4!} Qxf5 36. Bd4+ {[#]} Re5 $1 {[%mdl 512] Threatens to win with ...Qe4+.} 37. Bxe5+ (37. Rg1 $1 $11 {keeps the balance.} h5 38. f4 Qxf4 39. Qe6 {[%mdl 64] Pin} Qe4+ 40. Rg2 Qe1+ 41. Rg1 Qe4+ 42. Rg2 Qe1+ 43. Rg1 Qe4+) 37... Qxe5 {KQR-KQR} 38. Rg1 {[#]} a4 $1 {[%mdl 512]} 39. Qxa4 Qd5+ ({Of course not} 39... Qxc3 $6 40. Qa1 $11) ({Better is} 39... Qxc5 $17 40. c4 Qxf2 41. Qa1+ Qd4) 40. Rg2 {The position is equal.} Qxc5 41. Qa1 Qe5 42. Rg3 b5 {Accuracy: White = 67%, Black = 65%.} 1/2-1/2

[Event "CZE-ch Open 2019"]
[Site "Ostrava"]
[Date "2019.05.03"]
[Round "7.6"]
[White "Kriebel, Tadeas"]
[Black "Zwardon, Vojtech"]
[Result "1/2-1/2"]
[WhiteElo "2514"]
[BlackElo "2458"]
[Annotator "RC"]
[PlyCount "127"]
[EventDate "2019.04.27"]
[EventType "swiss"]
[EventCountry "CZE"]
[SourceTitle "playchess.com"]
[Source "ChessBase"]
[SourceQuality "1"]
[TimeControl "40/5400+30:1800+30"]

1. e4 {[%emt 0:00:00]} c5 {[%emt 0:01:38]} 2. Nf3 {[%emt 0:00:00]} Nc6 {[%emt 0:00:04]} 3. d4 {[%emt 0:00:00]} cxd4 {[%emt 0:00:09]} 4. Nxd4 {[%emt 0:00:00]} g6 {[%emt 0:00:01]} 5. c4 {[%emt 0:00:18]} Nf6 {[%emt 0:00:34]} 6. Nc3 {[%emt 0:00:07]} Nxd4 {[%emt 0:00:05]} 7. Qxd4 {[%emt 0:00:07]} d6 {[%emt 0:00:01]} 8. Be3 {[%emt 0:01:27]} Bg7 {[%emt 0:00:05]} 9. Be2 {[%emt 0:00:07]} O-O {[%emt 0:00:07]} 10. Qd3 {[%emt 0:00:08]} Be6 {[%emt 0:09:41]} 11. Bd4 {[%emt 0:00:20]} Rc8 {[%emt 0:03:07]} 12. b3 {[%emt 0:00:53]} Nd7 {[%emt 0:02:03]} 13. Bxg7 {[%emt 0:03:36]} Kxg7 {[%emt 0:00:09]} 14. O-O {[%emt 0:06:07]} Kg8 {[%emt 0:00:36]} 15. Kh1 {[%emt 0:00:59]} Qa5 {[%emt 0:01:48]} 16. f4 {[%emt 0:03:33]} f5 {[%emt 0:01:37]} 17. exf5 {[%emt 0:05:48]} Bxf5 {[%emt 0:03:27]} 18. Qd5+ {[%emt 0:01:53]} Qxd5 {[%emt 0:00:05]} 19. Nxd5 {[%emt 0:00:11]} Rf7 {[%emt 0:06:23]} 20. Bf3 {[%emt 0:00:51]} Nc5 {[%emt 0:01:10]} 21. Rfe1 {[%emt 0:08:07]} e6 {[%emt 0:06:14]} 22. Ne3 {[%emt 0:01:38]} a5 {[%emt 0:03:59]} 23. Nxf5 {[%emt 0:03:52]} gxf5 {[%emt 0:00:17]} 24. Rad1 {[%emt 0:00:22]} Rd8 {[%emt 0:00:31]} 25. Re3 {[%emt 0:03:13]} Kg7 {[%emt 0:01:16]} 26. a3 {[%emt 0:08:37]} Kf6 {[%emt 0:01:27]} 27. h3 {[%emt 0:02:56]} Re7 {[%emt 0:03:02]} 28. g4 {[%emt 0:01:17]} h6 {[%emt 0:01:03]} 29. Kh2 {[%emt 0:02:36]} fxg4 {[%emt 0:08:18]} 30. hxg4 {[%emt 0:00:14]} e5 {[%emt 0:01:50]} 31. Rd5 {[%emt 0:01:09]} e4 {[%emt 0:04:47]} 32. b4 {[%emt 0:03:47]} axb4 {[%emt 0:00:38]} 33. axb4 {[%emt 0:00:06]} Nd3 {[%emt 0:11:22]} 34. Rxe4 {[%emt 0:00:09]} Rxe4 {[%emt 0:00:12]} 35. Bxe4 {[%emt 0:00:07]} Nxb4 {[%emt 0:01:09]} 36. Rf5+ {[%emt 0:01:17]} Kg7 {[%emt 0:12:51]} 37. Rb5 {[%emt 0:00:10]} Re8 {[%emt 0:01:41]} 38. Rxb7+ {[%emt 0:00:05]} Kf8 {[%emt 0:00:08]} 39. Bf5 {[%emt 0:05:58]} Nc6 {[%emt 0:00:33]} 40. Rh7 {[%emt 0:00:06]} Re2+ {[%emt 0:00:31]} 41. Kh3 {[%emt 0:31:35]} Nd4 {[%emt 0:30:17]} 42. Rxh6 {[%emt 0:01:02]} Re3+ {[%emt 0:00:15]} 43. Kh4 {[%emt 0:17:46]} Nxf5+ {[%emt 0:00:00]} 44. gxf5 {[%emt 0:00:05]} Rc3 {[%emt 0:00:00]} 45. Kg5 {[%emt 0:00:46]} Rxc4 {[%emt 0:00:00]} 46. Kg6 {[%emt 0:00:49]} Rxf4 {[%emt 0:00:00]} 47. Rh8+ {[%emt 0:00:06]} Ke7 {[%emt 0:00:00]} 48. Rh7+ {[%emt 0:00:09]} Ke8 {[%emt 0:00:00]} 49. Kf6 {[%emt 0:01:39]} Re4 {[%emt 0:00:00]} 50. Ra7 {[%emt 0:06:11]} d5 {[%emt 0:00:00]} 51. Ra8+ {[%emt 0:01:55]} Kd7 {[%emt 0:00:00]} 52. Kg6 {[%emt 0:00:05]} Rg4+ {[%emt 0:00:00]} 53. Kf7 {[%emt 0:00:06]} d4 {[%emt 0:00:00]} 54. Ra4 {[%emt 0:06:56]} Kc6 {[%emt 0:00:00]} 55. f6 {[%emt 0:00:30]} Kb5 {[%emt 0:00:00]} 56. Ra1 {[%emt 0:00:07]} Rf4 {[%emt 0:00:00]} 57. Ke6 {[%emt 0:00:10]} d3 {[%emt 0:00:00]} 58. Ke5 {[%emt 0:00:49]} Rf2 {[%emt 0:00:00]} 59. Rd1 {[%emt 0:01:54]} Kc4 {[%emt 0:00:00]} 60. Ke6 {[%emt 0:00:06]} d2 {[%emt 0:00:00]} 61. f7 {[%emt 0:00:12]} Kd3 {[%emt 0:00:00]} 62. Rxd2+ {[%emt 0:00:08]} Kxd2 {[%emt 0:00:00]} 63. Ke7 {[%emt 0:00:02]} Rxf7+ {[%emt 0:00:00]} 64. Kxf7 1/2-1/2

[Event "CZE-ch Open 2019"]
[Site "Ostrava"]
[Date "2019.05.03"]
[Round "7.7"]
[White "Hausner, Ivan"]
[Black "Simacek, Pavel"]
[Result "1/2-1/2"]
[WhiteElo "2349"]
[BlackElo "2471"]
[Annotator "TA"]
[PlyCount "76"]
[EventDate "2019.04.27"]
[EventType "swiss"]
[EventCountry "CZE"]
[SourceTitle "playchess.com"]
[Source "ChessBase"]
[SourceQuality "1"]

{[%evp 9,76,-18,0,-14,-16,-17,-8,-13,-11,-5,0,-16,29,25,29,22,20,5,12,-10,0,0,18,7,16,26,29,-6,-10,-20,0,-26,0,-7,0,0,0,-7,0,0,0,0,0,0,0,-29,0,0,0,-30,-30,-31,-23,-24,-23,-30,-14,0,0,-52,-52,-52,-52,-52,-52,-52,-52,-52,-52]} 1. c4 e5 2. Nc3 Bb4 3. e4 Bxc3 (3... Nf6 4. Bd3 O-O 5. Nge2 Bc5 6. O-O a6 7. Bc2 Nc6 8. h3 b5 9. d3 bxc4 10. dxc4 h6 11. Rb1 Rb8 {1-0 (31) Jobava,B (2699)-Zvjaginsev,V (2658) Sochi 2015}) 4. dxc3 d6 5. h3 Nf6 6. Qc2 {A21: English Opening: 1...e5 2 Nc3} b6 $146 ({Predecessor:} 6... O-O 7. Be3 Nbd7 8. O-O-O b6 9. g4 Bb7 10. f3 Nc5 11. Rh2 a5 12. Qf2 a4 13. Ne2 Qe8 14. Ng3 Qe6 15. Nf5 Nfd7 16. Qh4 Rfe8 17. Rhd2 Nf8 18. Qf2 {½-½ (18) Hausner,I (2379)-Juptner,J (2340) Prague 2013}) 7. Be3 Bb7 8. f3 {The position is equal.} Nbd7 9. O-O-O Qe7 10. Ne2 O-O-O 11. Kb1 Nc5 12. Ng3 g6 13. Be2 Ne6 14. Qc1 h5 15. h4 Nd7 16. Bd3 Ndc5 17. Bc2 Ng7 18. Bg5 f6 19. Bd2 Rdf8 20. b3 Nce6 21. Nf1 f5 22. Ne3 fxe4 23. fxe4 Qd8 24. Rdf1 Ne8 25. Qe1 Nf6 26. Nd5 Ng4 27. Ne3 Nf6 28. Nd5 Ng4 29. Ne3 Nxe3 30. Bxe3 Rxf1 31. Rxf1 Rf8 32. g3 Kd7 33. Rxf8 (33. Bh6 {is more complex.} Rf6 34. Rf2 Qe7 35. Qf1 Rxf2 36. Qxf2 Nc5 37. Qf3) 33... Qxf8 34. Qf2 ({Better is} 34. Qe2 $11) 34... Qxf2 $15 {Black is slightly better.} 35. Bxf2 Nf8 36. Kc1 Nh7 37. Kd2 Nf6 38. Ke3 Ng4+ {Accuracy: White = 58%, Black = 45%.} 1/2-1/2

[Event "CZE-ch Open 2019"]
[Site "Ostrava"]
[Date "2019.05.03"]
[Round "7.8"]
[White "Kulhanek, Tomas"]
[Black "Krejci, Jan"]
[Result "0-1"]
[WhiteElo "2316"]
[BlackElo "2588"]
[Annotator "TA"]
[PlyCount "76"]
[EventDate "2019.04.27"]
[EventType "swiss"]
[EventCountry "CZE"]
[SourceTitle "playchess.com"]
[Source "ChessBase"]
[SourceQuality "1"]

{[%evp 17,76,20,22,0,0,0,0,-17,-5,-12,-12,-17,-18,-44,-42,-38,-33,-54,-20,-35,-17,-43,-23,-20,-9,-71,-23,-51,-53,-72,-71,-131,-133,-127,-121,-122,-126,-129,-16,-17,0,-10,-8,-6,0,0,0,-103,-119,-104,-78,-231,-238,-306,-282,-211,-203,-196,-204,-765,-758]} 1. e4 c5 2. Nf3 Nc6 3. Bb5 g6 4. O-O Bg7 5. Re1 e5 6. Bxc6 dxc6 7. d3 Qe7 8. Nbd2 Nf6 9. Nc4 Nd7 10. Bd2 {B31: Sicilian: 2...Nc6 3 Bb5 g6} O-O 11. Bc3 $146 ({Predecessor:} 11. a3 b6 12. Bc3 a5 13. a4 Ba6 14. b3 Rfb8 15. g3 Bxc4 16. bxc4 Nf8 17. Qc1 Qc7 {1-0 (56) Gelfand,B (2703)-Van Wely,L (2654) Plovdiv 2003}) 11... Rd8 12. b3 {The position is equal.} b6 13. a4 f6 14. Qb1 Nf8 15. b4 cxb4 16. Bxb4 c5 17. Bc3 Be6 18. Nfd2 Rab8 19. Ra3 Bf7 20. Ne3 Qd7 21. Qb5 (21. Bb2 $11 {remains equal.}) 21... Qc8 22. Qb2 Ne6 23. Nd5 Qb7 24. a5 (24. Ne3 $142) 24... b5 $17 {And now ...b4 would win.} 25. a6 Qd7 {...b4 is the strong threat.} 26. Ba5 Rdc8 27. c3 Nf8 ({Black should play} 27... Rc6 $17 28. Nf3 Rxa6) 28. Rb3 $11 f5 {White should prevent ...Ne6.} 29. Rb1 $1 {[%cal Rb3b5]} b4 30. cxb4 fxe4 31. dxe4 c4 $36 {[%mdl 2048] White is under pressure.} 32. Rc3 (32. Re3 $11) 32... Bxd5 $17 33. exd5 e4 $1 ({Much worse is} 33... Qxd5 34. Qc2 $14) 34. b5 $2 (34. Nxe4 $17 {was called for.} Qxd5 35. Qc2 Bxc3 36. Nxc3) 34... Qxd5 $19 35. Qa3 Qxd2 36. Rxc4 {[#]} Qd3 $1 37. Qxd3 exd3 38. Bc7 $2 (38. Rxc8 Rxc8 39. b6 axb6 40. Bxb6) 38... d2 {Accuracy: White = 24%, Black = 60%.} 0-1

[Event "CZE-ch Open 2019"]
[Site "Ostrava"]
[Date "2019.05.03"]
[Round "7.9"]
[White "Biolek, Richard Jr."]
[Black "Sramek, Vojtech"]
[Result "1-0"]
[WhiteElo "2442"]
[BlackElo "2304"]
[Annotator "TA"]
[PlyCount "71"]
[EventDate "2019.04.27"]
[EventType "swiss"]
[EventCountry "CZE"]
[SourceTitle "playchess.com"]
[Source "ChessBase"]
[SourceQuality "1"]

{[%evp 21,71,66,76,27,77,62,94,82,82,0,92,0,89,83,110,91,96,0,100,92,162,99,122,125,126,126,135,135,131,135,159,144,156,149,291,278,287,285,569,437,473,263,258,233,524,500,741,741,999,864,981,987]} 1. d4 d5 2. c4 c6 3. Nf3 Nf6 4. e3 e6 5. Bd3 Nbd7 6. Nbd2 Bd6 7. O-O O-O 8. e4 dxe4 9. Nxe4 Nxe4 10. Bxe4 f5 11. Bc2 Nf6 12. b3 {D46: Semi-Slav: 5 e3 Nbd7 6 Bd3, Black avoids the Meran} Qe8 $146 ({Predecessor:} 12... Bd7 13. Re1 Re8 14. Ne5 Bc8 15. Bb2 Re7 16. Qf3 Qe8 17. Rad1 Nd7 18. Nxc6 bxc6 19. Qxc6 Bxh2+ 20. Kxh2 {1-0 (30) Certek,P (2286)-Danko,J (1966) Marianske Lazne 2018}) 13. Re1 Qh5 14. Ne5 {White is better.} Qh4 15. Nf3 Qh5 16. Ne5 Qh4 $1 17. h3 Re8 18. Nf3 Qh5 19. Ne5 Qh4 $1 20. Bb2 Bd7 (20... Qf4 $16) 21. Qf3 (21. Nxd7 $18 Nxd7 22. d5 cxd5 23. cxd5) 21... Re7 22. Nxd7 Nxd7 23. d5 $36 {[%mdl 2048] Keeping Black busy.} exd5 24. Rxe7 ({And not} 24. Qxf5 Rf7 $11) (24. Bxf5 Ne5 $11) 24... Qxe7 25. cxd5 ({Reject} 25. Bxf5 $6 Ne5 $11) (25. Qxf5 $6 g6 $11) 25... Re8 {[#] ( -> ...Qe1+!)} 26. Rf1 g6 27. dxc6 Ne5 (27... bxc6 $16 {was worth a try.} 28. Qxc6 Be5) 28. Qd5+ $18 Nf7 29. cxb7 Qe2 $2 (29... Rb8 30. Bxf5 gxf5) 30. Qd3 Qe7 31. Qf3 (31. Qd4 $142 {[%csl Gb2][%cal Rd4g7]} Be5 32. Qxa7) 31... Rb8 32. Bd3 Rxb7 $2 (32... Qxb7 {was called for.} 33. Qe2 Qe7) 33. Bc4 {White is clearly winning.} Rd7 34. Qc3 {[%csl Gb2][%cal Rc3h8]} Kf8 35. Qg7+ {[%mdl 64] [#] Double Attack} Ke8 36. Bb5 {Accuracy: White = 47%, Black = 35%.} 1-0

[Event "CZE-ch Open 2019"]
[Site "Ostrava"]
[Date "2019.05.03"]
[Round "7.10"]
[White "Serrano Salvador, Eduardo"]
[Black "Pulpan, Jakub"]
[Result "1/2-1/2"]
[WhiteElo "2305"]
[BlackElo "2418"]
[Annotator "TA"]
[PlyCount "64"]
[EventDate "2019.04.27"]
[EventType "swiss"]
[EventCountry "CZE"]
[SourceTitle "playchess.com"]
[Source "ChessBase"]
[SourceQuality "1"]

{[%evp 26,64,8,14,5,0,0,0,0,0,47,0,0,-20,0,0,0,0,0,0,0,0,0,0,0,0,0,0,0,0,0,0,0,0,0,0,0,0,0,0,0]} 1. d4 Nf6 2. Nf3 d5 3. c4 e6 4. Nc3 c5 5. cxd5 Nxd5 6. e4 Nxc3 7. bxc3 cxd4 8. cxd4 Bb4+ 9. Bd2 Bxd2+ 10. Qxd2 O-O 11. Bc4 Nd7 12. O-O b6 13. Rad1 Bb7 14. Rfe1 Rc8 {D41: Queen's Gambit Declined: Semi-Tarrasch with 5 cxd5} 15. Bb3 Re8 16. d5 exd5 17. exd5 {[#]} Qf6 $146 ({Predecessor:} 17... Nc5 18. d6 Bxf3 19. Rxe8+ Qxe8 20. gxf3 Qc6 21. Bd5 Qd7 22. Qf4 {0-1 (62) Sevian,S (2642)-Dominguez Perez,L (2739) Saint Louis 2019}) 18. h3 h6 {The position is equal.} 19. Re3 Rxe3 20. Qxe3 Nc5 21. d6 Bxf3 22. d7 Rd8 23. Qe8+ $1 Kh7 24. gxf3 Qg5+ 25. Kh1 Nxb3 26. axb3 Qf5 27. Qxd8 Qxf3+ {[%mdl 64] [#] Double Attack} 28. Kg1 Qxd1+ $11 {KQ-KQ} 29. Kg2 {Qe7 is the strong threat.} Qd5+ 30. Kg3 {Strongly threatening Qe7.} Qd3+ 31. f3 {[#] Hoping for Qe7.} Qd6+ 32. f4 Qd3+ {Accuracy: White = 69%, Black = 83%.} 1/2-1/2